000 00348pam a2200157a 44500
008 230515b1995 xxu||||| |||| 00| 0 eng d
020 _aNULL
041 _aENGLISH
082 _a611
100 _aROBERT M H
245 _aMCMINNS FUNCTIONAL AND CLINICAL ANATOMY
250 _a0
260 _a
_bMOSBEY
_c1995
300 _a362
650 _aNULL
999 _c528297
_d528297